[Event "GER-chT U16"]
[Site "Lingen"]
[Date "2013.12.30"]
[Round "7.4"]
[White "Dudt, Jonas"]
[Black "Dittrich, Tom"]
[Result "0-1"]
[WhiteElo "1001"]
[BlackElo "1574"]
[PlyCount "76"]
[EventDate "2013.12.27"]
[EventType "team-swiss"]
[EventRounds "7"]
[EventCountry "GER"]
[SourceTitle "EXT 2015"]
[Source "ChessBase"]
[SourceDate "2014.11.20"]
[SourceVersion "1"]
[SourceVersionDate "2014.11.20"]
[SourceQuality "1"]
[WhiteTeam "Heilbronn"]
[BlackTeam "Stadtilm Blau Weiss"]
[WhiteTeamCountry "GER"]
[BlackTeamCountry "GER"]

1. d4 Nf6 2. Nf3 g6 3. c4 Bg7 4. Nc3 d6 5. e4 Nbd7 6. Bd3 e5 7. d5 Nc5 8. Be3 b6 9. h3 a5 10. 0-0 0-0 11. Qc2 Bd7 12. a3 a4 13. Nd2 Nh5 14. b4 axb3 15. Nxb3 Nf4 16. Nxc5 bxc5 17. Nb5 f5 18. Bxf4 exf4 19. Ra2 f3 20. g3 fxe4 21. Bxe4 Bxh3 22. Re1 Qd7 23. Qd3 Bg2 24. Bxf3 Rxf3 25. Qe4 Qh3 26. Qh4 Qxh4 27. gxh4 Bh3 28. Nxc7 Raxa3 29. Rxa3 Rxa3 30. Nb5 Ra6 31. Re8+ Kf7 32. Kh2 Bf5 33. Rd8 Be5+ 34. Kg1 Be4 35. Rd7+ Ke8 36. Nc7+ Kxd7 37. Nxa6 Bd3 38. Nb8+ Kc8 0-1

[Event "GER-chT U16"]
[Site "Lingen"]
[Date "2013.12.29"]
[Round "6.4"]
[White "Walliser, Pascal"]
[Black "Dudt, Jonas"]
[Result "1/2-1/2"]
[WhiteElo "1450"]
[BlackElo "1001"]
[PlyCount "65"]
[EventDate "2013.12.27"]
[EventType "team-swiss"]
[EventRounds "7"]
[EventCountry "GER"]
[SourceTitle "EXT 2015"]
[Source "ChessBase"]
[SourceDate "2014.11.20"]
[SourceVersion "1"]
[SourceVersionDate "2014.11.20"]
[SourceQuality "1"]
[WhiteTeam "Sontheim/Brenz"]
[BlackTeam "Heilbronn"]
[WhiteTeamCountry "GER"]
[BlackTeamCountry "GER"]

1. e4 c5 2. Nf3 Nc6 3. d4 cxd4 4. Bc4 d6 5. 0-0 g6 6. Nxd4 Bg7 7. Be3 Bd7 8. Nc3 Nf6 9. Qe2 0-0 10. f4 Qc7 11. Nxc6 Bxc6 12. Bd5 a6 13. Qf3 Rab8 14. Bxc6 bxc6 15. b3 e6 16. Rad1 Rfd8 17. h3 h5 18. f5 exf5 19. exf5 Qa5 20. Bg5 gxf5 21. Qxf5 Qxc3 22. Bxf6 Bxf6 23. Qxf6 Qxf6 24. Rxf6 Kf8 25. Rfxd6 Ke7 26. Rxd8 Rxd8 27. Re1+ Kf6 28. Re2 Rd5 29. c4 Re5 30. Rd2 Ke6 31. g3 a5 32. Kg2 f6 33. Kf3 1/2-1/2

[Event "GER-chT U16"]
[Site "Lingen"]
[Date "2013.12.27"]
[Round "1.4"]
[White "Dudt, Jonas"]
[Black "Marvani, Arman"]
[Result "0-1"]
[WhiteElo "1001"]
[BlackElo "1457"]
[PlyCount "128"]
[EventDate "2013.12.27"]
[EventType "team-swiss"]
[EventRounds "7"]
[EventCountry "GER"]
[SourceTitle "EXT 2015"]
[Source "ChessBase"]
[SourceDate "2014.11.20"]
[SourceVersion "1"]
[SourceVersionDate "2014.11.20"]
[SourceQuality "1"]
[WhiteTeam "Heilbronn"]
[BlackTeam "Katernberg"]
[WhiteTeamCountry "GER"]
[BlackTeamCountry "GER"]

1. d4 Nf6 2. c4 c5 3. Nf3 cxd4 4. Nxd4 e5 5. Nb3 Nc6 6. Nc3 Bb4 7. Bd2 Bxc3 8. Bxc3 d5 9. e3 0-0 10. Be2 Be6 11. cxd5 Bxd5 12. 0-0 Qe7 13. f4 Rad8 14. fxe5 Nxe5 15. Qd4 Rfe8 16. Rf4 Bxb3 17. Qxe5 Qxe5 18. Bxe5 Rxe5 19. axb3 Rxe3 20. Bc4 a6 21. b4 Re4 22. Raf1 Rxf4 23. Rxf4 Rd1+ 24. Rf1 Rd4 25. Rc1 g6 26. b5 axb5 27. Bxb5 Rb4 28. Rf1 Rxb5 29. Rxf6 Rxb2 30. Rd6 Kg7 31. h3 h5 32. Kh2 g5 33. Kg3 f6 34. Rd7+ Kg6 35. Kf3 g4+ 36. hxg4 hxg4+ 37. Kg3 f5 38. Kf4 Rb4+ 39. Kg3 Kf6 40. Rd8 Re4 41. Rf8+ Ke7 42. Rh8 b5 43. Rh7+ Kf6 44. Rh6+ Kg5 45. Rh1 f4+ 46. Kf2 b4 47. Rc1 Re5 48. Rc8 Rb5 49. Rg8+ Kf5 50. Rf8+ Ke4 51. Re8+ Kd4 52. Rf8 Ke5 53. Re8+ Kd6 54. Rf8 b3 55. Rxf4 b2 56. Rxg4 b1Q 57. Rd4+ Rd5 58. Rxd5+ Kxd5 59. Kg3 Ke5 60. Kf3 Qe4+ 61. Kg3 Kf5 62. Kh2 Qh4+ 63. Kg1 Kf4 64. Kf1 Kg3 0-1

[Event "GER-chT U16"]
[Site "Lingen"]
[Date "2013.12.27"]
[Round "2.4"]
[White "Uellner, Ferdinand"]
[Black "Dudt, Jonas"]
[Result "1/2-1/2"]
[WhiteElo "1246"]
[BlackElo "1001"]
[PlyCount "65"]
[EventDate "2013.12.27"]
[EventType "team-swiss"]
[EventRounds "7"]
[EventCountry "GER"]
[SourceTitle "EXT 2015"]
[Source "ChessBase"]
[SourceDate "2014.11.20"]
[SourceVersion "1"]
[SourceVersionDate "2014.11.20"]
[SourceQuality "1"]
[WhiteTeam "Darmstadt"]
[BlackTeam "Heilbronn"]
[WhiteTeamCountry "GER"]
[BlackTeamCountry "GER"]

1. e4 c5 2. Nf3 Nc6 3. d4 cxd4 4. Nxd4 g6 5. Nc3 Bg7 6. Be3 d6 7. Bb5 Bd7 8. 0-0 Nf6 9. Qf3 Qc7 10. Rad1 0-0 11. Rfe1 a6 12. Bc4 Ne5 13. Qe2 Nxc4 14. Bg5 e6 15. Nf3 Rfe8 16. Rd3 Bb5 17. a4 Nxb2 18. axb5 Nxd3 19. Qxd3 axb5 20. Nxb5 Qc6 21. Nxd6 Reb8 22. Ne5 Qc5 23. Ndxf7 Ra3 24. Qd2 Rba8 25. Qf4 Nh5 26. Nh6+ Bxh6 27. Qf7+ Kh8 28. Nxg6+ hxg6 29. Bxh6 Rg8 30. g4 Ng3 31. Be3 Qe5 32. hxg3 Qxe4 33. Qf6+ 1/2-1/2